|
|
|
|
| LEADER |
02102nam a2200433 i 4500 |
| 001 |
EBC4917642 |
| 003 |
MiAaPQ |
| 005 |
20200520144314.0 |
| 006 |
m o d | |
| 007 |
cr cnu|||||||| |
| 008 |
170814t20172017ne a ob 001 0 eng d |
| 020 |
|
|
|z 9789462980624
|
| 020 |
|
|
|a 9789048530014 (e-book)
|
| 035 |
|
|
|a (MiAaPQ)EBC4917642
|
| 035 |
|
|
|a (Au-PeEL)EBL4917642
|
| 035 |
|
|
|a (CaPaEBR)ebr11413839
|
| 035 |
|
|
|a (OCoLC)995778322
|
| 040 |
|
|
|a MiAaPQ
|b eng
|e rda
|e pn
|c MiAaPQ
|d MiAaPQ
|
| 050 |
|
4 |
|a BS2825.A2
|b .W555 2017
|
| 082 |
0 |
|
|a 228.07
|2 23
|
| 100 |
1 |
|
|a Williams, John,
|d 1928-2015,
|e author.
|
| 245 |
1 |
0 |
|a Visions of the end in medieval Spain :
|b catalogue of illustrated Beatus commentaries on the Apocalypse and study of the Geneva Beatus /
|c John Williams ; edited by Therese Martin.
|
| 264 |
|
1 |
|a Amsterdam, [Netherlands] :
|b Amsterdam University Press,
|c 2017.
|
| 264 |
|
4 |
|c 2017
|
| 300 |
|
|
|a 1 online resource (293 pages) :
|b illustrations.
|
| 336 |
|
|
|a text
|2 rdacontent
|
| 337 |
|
|
|a computer
|2 rdamedia
|
| 338 |
|
|
|a online resource
|2 rdacarrier
|
| 490 |
1 |
|
|a Late Antique and Early Medieval Iberia
|
| 504 |
|
|
|a Includes bibliographical references at the end of each chapters and indexes.
|
| 588 |
|
|
|a Description based on print version record.
|
| 590 |
|
|
|a Electronic reproduction. Ann Arbor, MI : ProQuest, 2016. Available via World Wide Web. Access may be limited to ProQuest affiliated libraries.
|
| 600 |
0 |
0 |
|a Beatus,
|c Saint, Presbyter of Liebana,
|d -798.
|t In Apocalipsin.
|
| 655 |
|
4 |
|a Electronic books.
|
| 700 |
1 |
|
|a Martin, Therese,
|e editor.
|
| 776 |
0 |
8 |
|i Print version:
|a Williams, John, 1928-2015.
|t Visions of the end in medieval Spain : catalogue of illustrated Beatus commentaries on the Apocalypse and study of the Geneva Beatus.
|d Amsterdam, [Netherlands] : Amsterdam University Press, c2017
|h 291 pages
|k Late antique and early medieval Iberia.
|z 9789462980624
|
| 797 |
2 |
|
|a ProQuest (Firm)
|
| 830 |
|
0 |
|a Late antique and early medieval Iberia.
|
| 856 |
4 |
0 |
|u https://ebookcentral.proquest.com/lib/matrademy/detail.action?docID=4917642
|z Click to View
|